Adversaires que la France a le plus rencontré (football) - Statistiques

Statistiques générales
  • Ce quiz a été pris 314 fois
  • Le résultat moyen est 15 sur 17
Statistiques - réponses
Nombre de confrontations Années des confrontations Victoire Nul Défaite Adversaire % Correct
6 1958 - 1982 - 1986 - 2014 - 2016 - 2021 3 0 3 Allemagne
99%
7 1938 - 1978 - 1986 - 1998 - 2000 - 2006 - 2008 3 0 4 Italie
99%
5 1984 - 2000 - 2006 - 2016 - 2021 3 1 1 Portugal
98%
5 1958 - 1986 - 1998 - 2001 - 2006 4 0 1 Brésil
97%
3 1930 - 1978 - 2018 1 0 2 Argentine
96%
5 1966 - 1982 - 1992 - 2004 - 2012 1 2 2 Angleterre
95%
5 1984 - 1996 - 2000 - 2006 - 2012 3 1 1 Espagne
95%
5 2004 - 2006 - 2014 - 2016 - 2021 2 2 1 Suisse
93%
4 1938 - 1984 - 1986 - 2018 4 0 0 Belgique
92%
6 1984 - 1992 - 1998 - 2000 - 2002 - 2018 3 1 2 Danemark
88%
3 1998 - 2004 - 2018 2 1 0 Croatie
87%
3 1996 - 2000 - 2008 1 0 2 Pays-Bas
86%
4 1966 - 2002 - 2010 - 2018 1 2 1 Uruguay
86%
3 1978 - 1986 - 2021 2 1 0 Hongrie
76%
5 1930 - 1954 - 1966 - 2001 - 2010 3 1 1 Mexique
76%
3 1996 - 2008 - 2016 2 1 0 Roumanie
66%
4 1954 - 1958 - 1960 - 1984 1 0 3 Yougoslavie
61%
Aucun quiz correspondant
Distribution des résultats
% des personnes avec chaque résultat
Percentile par nombre de réponses
Votre historique - résultats
Vous n’avez pas pris ce quiz